000 004000000a22001690004500
003 MACL
005 20151230114526.0
008 151230b xxu||||| |||| 00| 0 eng d
040 _aMACL
_cMACL
041 _aEnglish
082 _a200/VIB
100 _aVibha
_924580
245 _aThe Nyaya Concept of Abhava
260 _bA D Publications
650 _aReligion
_924581
942 _cBK
_k200/Vib
_2ddc
999 _c34013
_d34013